Statistics for World Capitals With One Word And Two E's

Click here to take the quiz!

General Stats

  • This quiz has been taken 35 times
    (22 since last reset)
  • The average score is 7 of 11

Answer Stats

ContinentCapital% Correct
South AmericaGeorgetown
88%
South AmericaMontevideo
75%
EuropeCopenhagen
69%
AsiaJerusalem
69%
AfricaBloemfontein
63%
AfricaFreetown
56%
AsiaVientiane
56%
North AmericaBasseterre
50%
EuropeBelgrade
50%
AsiaLibreville
50%
AsiaYerevan
38%

Score Distribution

Percentile by Number Answered

Percent of People with Each Score

Your Score History

You have not taken this quiz since the last reset